| 000 | 01600cas a2200349 a 4500 | ||
|---|---|---|---|
| 001 | 11257735 | ||
| 005 | 20060106050336.0 | ||
| 007 | cr unu | ||
| 008 | 780316c19769999nyuqrzp 0 a0eng d | ||
| 010 |
_a 82640032 _zsc 78000742 |
||
| 022 | _a8122420591 | ||
| 030 | _aCINDDL | ||
| 032 |
_a008428 _bUSPS |
||
| 035 | _a(OCoLC)ocm03722153 | ||
| 037 | _bSubscriptions Fulfillment Manager, Pergamon Press, Headington Hill Hall, Oxford OX3 0BW, England | ||
| 040 |
_aNSDP _cNSDP _dDLC _dNSDP _dDLC _dNST _dDLC _dNST _dAIP _dNST _dInU _dNST _dNSDP _dNST _dNSDP _dNST _dNSDP _dCU-S _dOCoLC _dCU-S _dOCoLC _dNSDP _dGU _dOCoLC |
||
| 042 |
_ansdp _alc |
||
| 050 | 0 | 0 |
_aT57.5 _b.C637 |
| 082 | 0 |
_a658.50028 _220 _bKHA |
|
| 245 | 0 | 0 |
_aIndustrial engineering / _cM.I. Khan. |
| 246 | 3 | _aComputers and industrial engineering | |
| 260 |
_aNew Delhi : _bNew Age International Publishers, _cC.2008. |
||
| 300 |
_a320 p _bill. ; _c23 cm. |
||
| 500 | _aIncludes Index. | ||
| 590 | _aSERBIB/SERLOC merged record | ||
| 650 | 0 |
_aIndustrial engineering _xData processing _vPeriodicals. _97746 |
|
| 776 | 1 |
_tComputers & industrial engineering (Online) _w(DLC) 2005233279 _w(OCoLC)38840834 |
|
| 942 |
_2ddc _cBB |
||
| 999 |
_c12249 _d12249 |
||